|
|
|
|
| LEADER |
00000nam0a2200000 4500 |
| 001 |
261131 |
| 005 |
20231031221453.0 |
| 010 |
|
|
|a 5250000592
|
| 035 |
|
|
|a (RuTPU)RU\TPU\book\284105
|
| 090 |
|
|
|a 261131
|
| 100 |
|
|
|a 20140521d1988 k a0rusy50 ca
|
| 101 |
0 |
|
|a rus
|
| 102 |
|
|
|a RU
|
| 105 |
|
|
|a y z 001zy
|
| 200 |
1 |
|
|a КПСС о перестройке
|e сборник документов
|f Институт марксизма-ленинизма (ИМЛ)
|
| 210 |
|
|
|a Москва
|c Политиздат
|d 1988
|
| 215 |
|
|
|a 480 с.
|
| 333 |
|
|
|a Исключено из фонда НТБ ТПУ
|
| 712 |
0 |
2 |
|a Институт марксизма-ленинизма (ИМЛ)
|c (Москва)
|c (1956-1991)
|
| 801 |
|
1 |
|a RU
|b 63413507
|c 20140521
|
| 801 |
|
2 |
|a RU
|b 63413507
|c 20220314
|g RCR
|
| 942 |
|
|
|c BK
|